Birthstones Quiz Stats

 Plays Quiz Updated Jan 12, 2015

Score 0/12 Timer 03:00
17 Plays Today
Month Stone % Correct
JulyRuby
94.2%
AprilDiamond
93.3%
MayEmerald
87.3%
SeptemberSapphire
78.1%
OctoberTourmaline and Opal
72.6%
JunePearl and Alexandrite
72%
NovemberTopaz and Citrine
67.7%
FebruaryAmethyst
63.7%
JanuaryGarnet
61%
MarchAquamarine
52.9%
DecemberTanzanite, Zircon, and Turquoise
44.4%
AugustPeridot
42.1%

You're not logged in!

Compare scores with friends on all Sporcle quizzes.
OR
Log In

Sporcle TV

Today on Sporcle TV


Watch our educational content, quiz creation guides, and fun videos on Sporcle TV.

Show Comments

Extras

Top Quizzes Today


Score Distribution

Your Account Isn't Verified!

In order to create a playlist on Sporcle, you need to verify the email address you used during registration. Go to your Sporcle Settings to finish the process.

Report this User

Report this user for behavior that violates our Community Guidelines.

Details: